书目信息 |
| 题名: |
草书教程
|
|
| 作者: | 卜希旸 著 | |
| 分册: | ||
| 出版信息: | 北京 华文出版社 2006 |
|
| 页数: | 228页 | |
| 开本: | 26cm | |
| 丛书名: | 书法专业系列教程 | |
| 单 册: | ||
| 中图分类: | J292.113.4 | |
| 科图分类: | ||
| 主题词: | 草书--书法--中国--教材 , 草书 , 书法 | |
| 电子资源: | ||
| ISBN: | 7-5075-1985-6 | |
| 000 | 00927nam0 2200277 450 | |
| 001 | 010040030467 | |
| 005 | 20061027112357.26 | |
| 010 | @a7-5075-1985-6@dCNY32.00 | |
| 100 | @a20060215d2006 em y0chiy0110 ea | |
| 101 | 0 | @achi |
| 102 | @aCN@b110000 | |
| 105 | @aa z 000yy | |
| 200 | 1 | @a草书教程@9cao shu jiao cheng@f卜希旸著 |
| 210 | @a北京@c华文出版社@d2006 | |
| 215 | @a228页@c图@d26cm | |
| 225 | 2 | @a书法专业系列教程@f欧阳中石、卜希旸主编 |
| 300 | @a北京市高等教育精品教材立项项目 | |
| 330 | @a本书内容包括:草书概说、草书源流演变、草书书论辑要、名家名作赏析、草书形成的途径和规律、草书的临摹等。 | |
| 410 | 0 | @12001 @a书法专业系列教程@1701 0@a欧阳中石、卜希旸@Aou yang zhong shi、bo xi yang@4主编 |
| 606 | 0 | @a草书@x书法@y中国@j教材 |
| 606 | 0 | @a草书 |
| 606 | 0 | @a书法 |
| 690 | @aJ292.113.4@v4 | |
| 701 | 0 | @a卜希旸@9bu xi yang@4著 |
| 801 | 0 | @aCN@bRENTIAN@c20061027 |
| 905 | @a10447@dJ292.113.4@e407 | |
| 草书教程/卜希旸著.-北京:华文出版社,2006 |
| 228页:图;26cm.-(书法专业系列教程/欧阳中石、卜希旸主编) |
| 北京市高等教育精品教材立项项目 |
| ISBN 7-5075-1985-6:CNY32.00 |
| 本书内容包括:草书概说、草书源流演变、草书书论辑要、名家名作赏析、草书形成的途径和规律、草书的临摹等。 |
| ● |
| 相关链接 |
|
|
|
|
正题名:草书教程
索取号:J292.113.4/407
 
预约/预借
| 序号 | 登录号 | 条形码 | 馆藏地/架位号 | 状态 | 备注 |
| 1 | 0388597 | 203885974 | 第一样本阅览室/ [索取号:J292.113.4/407] | 在馆 | |
| 2 | 0388598 | 203885983 | 第一借阅区/ [索取号:J292.113.4/407] | 在馆 | |
| 3 | 0388599 | 203885992 | 第一借阅区/ [索取号:J292.113.4/407] | 在馆 |